[Event "4th Al Ain Chess Classic"]
[Site "Al-Ain UAE"]
[Date "2015.12.25"]
[Round "3.61"]
[White "Algildah, Khalid"]
[Black "Ashid, Tsetsegulzii"]
[Result "1-0"]
[WhiteTitle "FM"]
[WhiteElo "2086"]
[BlackElo "1869"]
[WhiteFideId "7600828"]
[BlackFideId "4902904"]
[EventDate "2015.12.23"]

1. d4 e6 2. e4 d5 3. Nc3 Bb4 4. e5 Ne7 5. Bd2 b6 6. Nb5 Bxd2+ 7. Qxd2 Ba6 8. a4
Nc8 9. O-O-O c6 10. Nc3 Bxf1 11. Rxf1 Ne7 12. f4 a6 13. g4 c5 14. Nge2 Nbc6 15.
f5 cxd4 16. Nxd4 Nxd4 17. Qxd4 Nc6 18. Qf4 Qc7 19. Qg5 Nxe5 20. fxe6 f6 21. Nxd5
Qc5 22. Qh5+ Ng6 23. Qf5 Rd8 24. Rd1 O-O 25. e7 Nxe7 26. Qe6+ Rf7 27. Nxf6+ gxf6
28. Rxd8+ Kg7 29. Rhd1 Qb4 30. R1d4 Qa5 31. R8d7 Qc5 32. Re4 Kf8 33. b4 1-0

[Event "4th Al Ain Chess Classic"]
[Site "Al-Ain UAE"]
[Date "2015.12.25"]
[Round "3.62"]
[White "Tarini Goyal"]
[Black "Mammadov, Gulam"]
[Result "1/2-1/2"]
[WhiteTitle "WFM"]
[WhiteElo "1826"]
[BlackElo "2086"]
[WhiteFideId "5082749"]
[BlackFideId "13404040"]
[EventDate "2015.12.23"]

1. d4 Nf6 2. c4 g6 3. Nc3 Bg7 4. e4 d6 5. Be2 O-O 6. Bg5 c5 7. d5 e6 8. Qd2 exd5
9. exd5 Na6 10. Nf3 Nc7 11. O-O Qd7 12. Bh6 b6 13. Bxg7 Kxg7 14. Ng5 h6 15. Nge4
Nfe8 16. g4 f5 17. gxf5 Qxf5 18. Kh1 Qf4 19. Qxf4 Rxf4 20. Rg1 g5 21. f3 Bf5 22.
Rg3 Rd8 23. Bd3 Bxe4 24. Bxe4 Nf6 25. a4 a6 26. Re1 Kf7 27. h3 Rb8 28. Ra1 Rb7
29. Rgg1 Rh4 30. Kh2 Rb8 31. b3 Kf8 32. Bf5 Rf4 33. Be4 Rb7 34. Ne2 Rh4 35. Ng3
Nce8 36. Nf5 Rf4 37. Nxh6 Nxe4 38. fxe4 Rh7 39. Ng4 Rxe4 40. Raf1+ Rf7 41. Rxf7+
Kxf7 42. Rf1+ Ke7 43. Rf5 Re2+ 44. Rf2 Rxf2+ 45. Nxf2 Kf6 46. Kg3 Ke5 47. Kf3
Nf6 48. Ke3 g4 1/2-1/2

[Event "4th Al Ain Chess Classic"]
[Site "Al-Ain UAE"]
[Date "2015.12.25"]
[Round "3.63"]
[White "Ahmad M Saleh Alzarouni"]
[Black "Sameir, Ramez"]
[Result "0-1"]
[WhiteElo "1668"]
[BlackElo "2080"]
[WhiteFideId "9302301"]
[BlackFideId "10606017"]
[EventDate "2015.12.23"]

1. d4 c5 2. Nf3 cxd4 3. Nxd4 d5 4. Bf4 Nc6 5. c3 g6 6. h3 Bg7 7. e3 e5 8. Nxc6
bxc6 9. Bh2 Rb8 10. Qc1 Nh6 11. Nd2 O-O 12. c4 Qb6 13. Nf3 Re8 14. b3 Rb7 15.
cxd5 cxd5 16. Bxe5 Qa5+ 17. Kd1 Bxe5 18. Nxe5 Rc7 19. Qb2 Bf5 20. Nd3 Rc3 21.
Qd2 Rec8 22. Rc1 Bxd3 23. Rxc3 Qxc3 24. Qxd3 Qb2 0-1

[Event "4th Al Ain Chess Classic"]
[Site "Al-Ain UAE"]
[Date "2015.12.26"]
[Round "4.2"]
[White "Lalith Babu M R"]
[Black "Hovhannisyan, Robert"]
[Result "1-0"]
[WhiteTitle "GM"]
[BlackTitle "GM"]
[WhiteElo "2553"]
[BlackElo "2624"]
[WhiteFideId "5024595"]
[BlackFideId "13302507"]
[EventDate "2015.12.23"]

1. d4 d5 2. Nf3 Nf6 3. c4 c6 4. Nc3 dxc4 5. a4 Bf5 6. Ne5 e6 7. e3 Bb4 8. Bxc4
O-O 9. O-O c5 10. Qb3 Nc6 11. Na2 Na5 12. Qd1 Nxc4 13. Nxc4 a5 14. Nxb4 axb4 15.
a5 cxd4 16. Nb6 Ra6 17. exd4 Nd5 18. Nxd5 Qxd5 19. Ra4 b3 20. Bd2 e5 21. Re1 Rg6
22. f3 e4 23. Re3 Bh3 24. g3 exf3 25. Kf2 Bg2 26. Qe1 Qh5 27. Re8 h6 28. Rxf8+
Kxf8 29. Qe5 Qxe5 30. dxe5 Re6 31. Bc3 f6 32. Rb4 fxe5 33. Re4 b6 34. a6 b5 35.
a7 Ra6 36. Bb4+ Kf7 37. Bc5 Ke6 38. Rb4 Ra1 39. g4 Rf1+ 40. Kg3 Ra1 41. Rxb5 f2
42. Kxf2 Bc6 43. Rb6 Kd7 44. Ba3 Be4 45. Rb8 Rh1 46. a8=Q Rxh2+ 47. Kg3 Rg2+ 48.
Kh3 Bxa8 49. Rxa8 Rg1 50. Ra7+ Kc6 51. Rxg7 e4 52. Rg8 Kd5 53. Rb8 e3 54. Re8
Re1 55. Bb4 Re2 56. Bc3 Kc4 57. Kg3 Kd3 58. Rd8+ Kc2 59. Kf3 Rh2 60. Kxe3 h5 61.
g5 h4 62. g6 h3 63. g7 Rg2 64. g8=Q Rxg8 65. Rxg8 h2 66. Rg2+ 1-0

[Event "4th Al Ain Chess Classic"]
[Site "Al-Ain UAE"]
[Date "2015.12.26"]
[Round "4.3"]
[White "Shirov, Alexei"]
[Black "Adly, Ahmed"]
[Result "1-0"]
[WhiteTitle "GM"]
[BlackTitle "GM"]
[WhiteElo "2676"]
[BlackElo "2598"]
[WhiteFideId "2209390"]
[BlackFideId "10601619"]
[EventDate "2015.12.23"]

1. e4 c6 2. d4 d5 3. e5 Bf5 4. Nf3 e6 5. Be2 Nd7 6. O-O Ne7 7. Nh4 c5 8. c3 Be4
9. Nd2 Nc6 10. Nxe4 dxe4 11. g3 Be7 12. d5 exd5 13. Nf5 g6 14. Nxe7 Qxe7 15.
Qxd5 Qxe5 16. Rd1 Qxd5 17. Rxd5 O-O-O 18. Bf4 Rhe8 19. Bb5 Re6 20. Rad1 Nde5 21.
Rxd8+ Nxd8 22. Rd5 Ndc6 23. Rxc5 Nd3 24. Bxd3 exd3 25. b4 Re2 26. Kf1 Kd7 27.
Rd5+ Ke6 28. Rd6+ Ke7 29. a3 Ra2 30. Rxd3 Rxa3 31. b5 Ra1+ 32. Kg2 Na5 33. Bg5+
Ke6 34. Re3+ Kf5 35. h4 Rb1 36. Rf3+ Ke4 37. Rxf7 Rxb5 38. Rxh7 Kd3 39. Rg7 Nc4
40. Rxg6 Ne5 41. Rg7 a5 42. h5 a4 43. h6 a3 44. h7 a2 45. h8=Q a1=Q 46. Qh7+
Kxc3 47. Rc7+ Kd4 48. Be3+ Kd5 49. Rxb7 Qa6 50. Rxb5+ Qxb5 51. Qf5 Qb7 52. g4
Kd6+ 53. Kg3 Qh1 54. Bf4 Qg1+ 55. Kh4 Qxf2+ 56. Bg3 Qe3 57. Qxe5+ 1-0

[Event "4th Al Ain Chess Classic"]
[Site "Al-Ain UAE"]
[Date "2015.12.26"]
[Round "4.5"]
[White "Efimenko, Zahar"]
[Black "Parligras, Mircea-Emilian"]
[Result "1/2-1/2"]
[WhiteTitle "GM"]
[BlackTitle "GM"]
[WhiteElo "2647"]
[BlackElo "2586"]
[WhiteFideId "14107201"]
[BlackFideId "1204297"]
[EventDate "2015.12.23"]

1. e4 e5 2. Nf3 Nc6 3. Bb5 Nf6 4. O-O Nxe4 5. d4 Nd6 6. Bxc6 dxc6 7. dxe5 Nf5 8.
Qxd8+ Kxd8 9. Rd1+ Ke8 10. Nc3 Be7 11. Ne2 b6 12. b3 a5 13. a4 Bb7 14. Ned4 Nxd4
15. Nxd4 Rd8 16. Bf4 Rg8 17. Nf5 Rxd1+ 18. Rxd1 Bd8 19. Bg3 Bc8 20. Ne3 h5 21.
f4 h4 22. Be1 Be7 23. Bc3 Rh8 24. Kf2 Rh5 25. Kf3 f5 26. exf6 gxf6 27. Bb2 Kf7
28. Rd2 1/2-1/2

[Event "4th Al Ain Chess Classic"]
[Site "Al-Ain UAE"]
[Date "2015.12.26"]
[Round "4.6"]
[White "Gabuzyan, Hovhannes"]
[Black "Rakhmanov, Aleksandr"]
[Result "1/2-1/2"]
[WhiteTitle "GM"]
[BlackTitle "GM"]
[WhiteElo "2585"]
[BlackElo "2640"]
[WhiteFideId "13303732"]
[BlackFideId "4173708"]
[EventDate "2015.12.23"]

1. d4 Nf6 2. Nf3 g6 3. c4 Bg7 4. Nc3 O-O 5. g3 c6 6. Bg2 d5 7. cxd5 cxd5 8. Ne5
e6 9. O-O Bd7 10. e3 Bc6 11. b3 Nfd7 12. Nd3 a5 13. Ba3 Re8 14. Rc1 Na6 15. e4
Nc7 16. Nf4 dxe4 17. Nxe4 Nb5 18. Bc5 Nxc5 19. dxc5 Qe7 20. Nd6 Red8 21. Bxc6
bxc6 22. Qf3 Nxd6 23. cxd6 Rxd6 24. Rxc6 Rxc6 25. Qxc6 Rd8 26. Rc1 Qb4 27. Kg2
Bf8 28. Qf3 Bd6 29. Nd3 Qb5 30. Nb2 Be5 31. Nc4 Bc7 32. Ne3 Be5 33. Nc4 Bc7 34.
Ne3 Be5 1/2-1/2

[Event "4th Al Ain Chess Classic"]
[Site "Al-Ain UAE"]
[Date "2015.12.26"]
[Round "4.7"]
[White "Mchedlishvili, Mikheil"]
[Black "Kulaots, Kaido"]
[Result "1-0"]
[WhiteTitle "GM"]
[BlackTitle "GM"]
[WhiteElo "2635"]
[BlackElo "2574"]
[WhiteFideId "13600966"]
[BlackFideId "4500261"]
[EventDate "2015.12.23"]

1. d4 Nf6 2. c4 g6 3. g3 Bg7 4. Bg2 O-O 5. Nc3 d6 6. Nf3 c6 7. O-O Qa5 8. Nd2
Be6 9. e4 Qb6 10. c5 dxc5 11. Na4 Qd8 12. Nxc5 Bc8 13. e5 Nd5 14. Nde4 b6 15.
Nd3 Na6 16. h4 Nac7 17. Nc3 Bf5 18. h5 Qd7 19. Nxd5 Nxd5 20. h6 Bh8 21. Nf4 Nb4
22. Be3 Nc2 23. Rc1 Nxe3 24. fxe3 Rac8 25. Bf3 g5 26. Ne2 c5 27. Qb3 Be6 28. Qa3
Qb5 29. Nc3 Qd7 30. Rcd1 f6 31. dxc5 Qc7 32. Nd5 Qxe5 33. Nxe7+ Kf7 34. Bh5+
Kxe7 35. cxb6+ 1-0

[Event "4th Al Ain Chess Classic"]
[Site "Al-Ain UAE"]
[Date "2015.12.26"]
[Round "4.8"]
[White "Kovchan, Alexander"]
[Black "Edouard, Romain"]
[Result "1/2-1/2"]
[WhiteTitle "GM"]
[BlackTitle "GM"]
[WhiteElo "2583"]
[BlackElo "2627"]
[WhiteFideId "14103052"]
[BlackFideId "633429"]
[EventDate "2015.12.23"]

1. e4 c5 2. Nf3 d6 3. d4 cxd4 4. Nxd4 Nf6 5. Nc3 g6 6. Be3 Bg7 7. Be2 O-O 8. O-O
Nc6 9. Qd2 d5 10. Rfd1 Nxd4 11. Qxd4 Nxe4 12. Qxd5 Nd6 13. Qb3 Be6 14. Nd5 Nf5
15. Bf3 Nxe3 16. Qxe3 Bxd5 17. Rxd5 Qc7 18. c3 b6 19. Rad1 Rad8 20. Qd3 Rxd5 21.
Qxd5 e6 22. Qd7 Rc8 23. g3 Be5 24. Kg2 Qxd7 25. Rxd7 Rc7 26. Rxc7 1/2-1/2

[Event "4th Al Ain Chess Classic"]
[Site "Al-Ain UAE"]
[Date "2015.12.26"]
[Round "4.9"]
[White "Vaibhav, Suri"]
[Black "Kravtsiv, Martyn"]
[Result "1-0"]
[WhiteTitle "GM"]
[BlackTitle "GM"]
[WhiteElo "2552"]
[BlackElo "2623"]
[WhiteFideId "5045185"]
[BlackFideId "14113147"]
[EventDate "2015.12.23"]

1. d4 Nf6 2. c4 e6 3. Nf3 b6 4. g3 Ba6 5. b3 Bb4+ 6. Bd2 Be7 7. Nc3 d5 8. cxd5
exd5 9. Bg2 O-O 10. O-O Re8 11. Ne5 Bb7 12. Rc1 Nbd7 13. Nb5 c5 14. Bf4 Nf8 15.
Bh3 a6 16. Nc3 cxd4 17. Na4 b5 18. Nc6 Bxc6 19. Rxc6 Bb4 20. Nb6 Bc3 21. Bc7 Qe7
22. Nxa8 Rxa8 23. Bb6 Qe5 24. Qd3 N8d7 25. f4 Qh5 26. Bxd7 Nxd7 27. Bxd4 Bxd4+
28. Qxd4 Re8 29. e4 Nf6 30. exd5 h6 31. Rc2 Nxd5 32. Qc5 Kh7 33. Rd2 Nxf4 34.
Qxh5 Nxh5 35. Rxf7 Nf6 36. Rc2 Ng4 37. Rcc7 Re1+ 38. Kg2 1-0

[Event "4th Al Ain Chess Classic"]
[Site "Al-Ain UAE"]
[Date "2015.12.26"]
[Round "4.10"]
[White "Gupta, Abhijeet"]
[Black "Bajarani, Ulvi"]
[Result "1-0"]
[WhiteTitle "GM"]
[BlackTitle "GM"]
[WhiteElo "2613"]
[BlackElo "2551"]
[WhiteFideId "5010608"]
[BlackFideId "13403028"]
[EventDate "2015.12.23"]

1. d4 f5 2. g3 Nf6 3. Bg2 g6 4. Nf3 Bg7 5. O-O O-O 6. c4 d6 7. Nc3 Qe8 8. b3 e5
9. dxe5 dxe5 10. e4 Nc6 11. Nd5 Qd7 12. exf5 e4 13. Ng5 gxf5 14. Rb1 Nxd5 15.
cxd5 Nd4 16. Be3 c5 17. Qh5 h6 18. Bxd4 cxd4 19. Ne6 Rf7 20. Rbc1 Qd6 21. Nxg7
Kxg7 22. Rfd1 d3 23. f3 Re7 24. fxe4 fxe4 25. Rxc8 Re5 26. Qh3 Rxc8 27. Qg4+ Qg6
28. Qxc8 Re8 29. Qc7+ Kg8 30. d6 Qg4 31. Qc4+ 1-0

[Event "4th Al Ain Chess Classic"]
[Site "Al-Ain UAE"]
[Date "2015.12.26"]
[Round "4.11"]
[White "Zeng, Chongsheng"]
[Black "Pashikian, Arman"]
[Result "1/2-1/2"]
[WhiteTitle "GM"]
[BlackTitle "GM"]
[WhiteElo "2530"]
[BlackElo "2606"]
[WhiteFideId "8603847"]
[BlackFideId "13301578"]
[EventDate "2015.12.23"]

1. e4 e5 2. Nf3 Nc6 3. Bb5 Nf6 4. O-O Nxe4 5. Qe2 Nd6 6. Bxc6 dxc6 7. Qxe5+ Qe7
8. Qa5 Qd7 9. Re1+ Be7 10. Qg5 Kf8 11. Qf4 Qf5 12. d3 Qxf4 13. Bxf4 f6 14. Nbd2
g5 15. Bg3 Nf5 16. Re2 g4 17. Ne1 Nxg3 18. hxg3 c5 19. d4 cxd4 20. Nd3 Bd7 21.
Rae1 Re8 22. Nb3 Kf7 23. Nxd4 Bd6 24. Rxe8 Rxe8 25. Rxe8 Kxe8 26. Nf4 Kf7 27. c3
a5 28. Kf1 f5 29. Ke2 Kf6 30. Ke3 c6 31. b3 Be8 32. a4 Bf7 33. c4 Bc5 34. Nd3
Ba7 35. f4 gxf3 36. gxf3 b5 37. c5 bxa4 38. bxa4 Bd5 39. Kd2 h5 40. Kc3 Kg5 41.
Nf4 Bf7 42. Nh3+ Kf6 43. Nxc6 Bxc5 44. Nxa5 Bd5 45. Nb3 Bd6 46. f4 Bg2 47. Ng1
h4 48. gxh4 Bxf4 49. Nd4 Be5 50. Kd3 Bb7 51. Ngf3 Bc7 52. Kc4 f4 53. Ng5 Kg6 54.
Nde6 Bb8 55. Nc5 f3 56. Kd3 Bc6 57. Nce4 Kf5 58. Ke3 Bf4+ 59. Kxf3 Ke5 1/2-1/2

[Event "4th Al Ain Chess Classic"]
[Site "Al-Ain UAE"]
[Date "2015.12.26"]
[Round "4.13"]
[White "Kovalenko, Igor"]
[Black "Debashis, Das"]
[Result "1-0"]
[WhiteTitle "GM"]
[BlackTitle "GM"]
[WhiteElo "2680"]
[BlackElo "2505"]
[WhiteFideId "14117908"]
[BlackFideId "5024854"]
[EventDate "2015.12.23"]

1. d4 d5 2. c4 e6 3. Nc3 Be7 4. Bf4 Nf6 5. e3 O-O 6. Nf3 Nbd7 7. Be2 dxc4 8.
Bxc4 c5 9. dxc5 Nxc5 10. O-O Qxd1 11. Rfxd1 b6 12. Nd4 Bb7 13. Ncb5 Rfd8 14. b4
Na6 15. a3 Rd7 16. Nf3 Rxd1+ 17. Rxd1 Nd5 18. Bg3 h6 19. Nfd4 Nf6 20. f3 Nd5 21.
Kf2 Kf8 22. e4 Nf6 23. Nd6 Bxd6 24. Bxd6+ Kg8 25. Nb5 Ne8 26. Bg3 Bc6 27. Nd6
Ba4 28. Rd4 Nac7 29. Nxe8 Nxe8 30. Ba6 Nf6 31. b5 Bb3 32. Ke3 e5 33. Bxe5 Be6
34. Bb7 1-0

[Event "4th Al Ain Chess Classic"]
[Site "Al-Ain UAE"]
[Date "2015.12.26"]
[Round "4.14"]
[White "Mollah Abdullah, Al Rakib"]
[Black "Areshchenko, Alexander"]
[Result "0-1"]
[WhiteTitle "GM"]
[BlackTitle "GM"]
[WhiteElo "2472"]
[BlackElo "2677"]
[WhiteFideId "10200444"]
[BlackFideId "14109530"]
[EventDate "2015.12.23"]

1. d4 Nf6 2. Nf3 g6 3. Bg5 Bg7 4. c3 d6 5. Nbd2 O-O 6. e4 h6 7. Bh4 c5 8. dxc5
dxc5 9. Bc4 Nc6 10. O-O Nh5 11. Qe2 Na5 12. Bb5 Nf4 13. Qe3 g5 14. Bg3 Qb6 15.
a4 a6 16. Bc4 Qxb2 17. Bxf4 gxf4 18. Qxc5 Nxc4 19. Nxc4 Qxc3 20. Rac1 Qb3 21.
Nb6 Rb8 22. e5 Bg4 23. Nd4 Qd3 24. h3 Rfd8 25. Nd5 e6 26. Nf6+ Bxf6 27. exf6
Qxd4 28. hxg4 Qxf6 0-1

[Event "4th Al Ain Chess Classic"]
[Site "Al-Ain UAE"]
[Date "2015.12.26"]
[Round "4.16"]
[White "Petrosyan, Manuel"]
[Black "Motylev, Alexander"]
[Result "0-1"]
[WhiteTitle "IM"]
[BlackTitle "GM"]
[WhiteElo "2466"]
[BlackElo "2653"]
[WhiteFideId "13300857"]
[BlackFideId "4121830"]
[EventDate "2015.12.23"]

1. d4 d5 2. c4 c6 3. Nc3 Nf6 4. e3 e6 5. Nf3 Nbd7 6. Qc2 Be7 7. Bd3 dxc4 8. Bxc4
b5 9. Bd3 Bb7 10. e4 b4 11. Na4 Rc8 12. O-O c5 13. dxc5 Nxc5 14. Nxc5 Bxc5 15.
Bg5 h6 16. Bxf6 gxf6 17. Qa4+ Ke7 18. Ba6 Qb6 19. Bxb7 Qxb7 20. Rfd1 Rhg8 21.
Rd3 Qc6 22. Qxc6 Rxc6 23. h3 Rgc8 24. Nd4 R6c7 25. Rad1 Bb6 26. Kf1 Rc1 27. Ke2
Rxd1 28. Rxd1 Rc4 29. Nb3 Rxe4+ 30. Kd3 Re5 31. Rd2 Rd5+ 32. Ke2 Rf5 33. Nd4 Rf4
34. Nc6+ Ke8 35. f3 Rc4 36. Nb8 a5 37. Nd7 Bd8 38. g3 Rc1 39. b3 Rh1 40. Nc5
Rxh3 41. g4 h5 42. gxh5 Rxh5 43. Ne4 Be7 44. Rc2 Rh2+ 45. Kd3 Rxc2 46. Kxc2 Kd7
47. Kd3 Kc6 48. Nd2 Kc5 49. Nc4 Bd8 50. Ne3 f5 51. Nc4 Bc7 52. Ne3 f4 53. Nc2 f5
54. Nd4 Kd5 55. Ne2 e5 56. Ng1 e4+ 57. Ke2 Kd4 58. Kd2 Bb6 59. Nh3 exf3 60. Nxf4
Ke4 61. Ne6 Be3+ 62. Ke1 Kd3 63. Nd8 Kc2 64. Nc6 Bb6 65. Ne5 Kb1 66. Nxf3 Kxa2
67. Nd2 Kb2 68. Kd1 Bc7 69. Ke2 Kc2 70. Ke1 Bf4 71. Nc4 Kxb3 72. Nxa5+ Kc3 73.
Kf2 0-1

[Event "4th Al Ain Chess Classic"]
[Site "Al-Ain UAE"]
[Date "2015.12.26"]
[Round "4.17"]
[White "Kuzubov, Yuriy"]
[Black "Swayams, Mishra"]
[Result "1-0"]
[WhiteTitle "GM"]
[BlackTitle "IM"]
[WhiteElo "2640"]
[BlackElo "2477"]
[WhiteFideId "14112906"]
[BlackFideId "5028183"]
[EventDate "2015.12.23"]

1. c4 b6 2. Nc3 Bb7 3. Nf3 Nf6 4. g3 c5 5. Bg2 g6 6. O-O Bg7 7. Re1 d5 8. d4
Nbd7 9. cxd5 Nxd5 10. e4 Nxc3 11. bxc3 O-O 12. e5 e6 13. h4 Qc7 14. h5 Rac8 15.
Be3 cxd4 16. cxd4 Qc2 17. Qxc2 Rxc2 18. h6 Bh8 19. Rec1 Rxc1+ 20. Rxc1 Rc8 21.
Rxc8+ Bxc8 22. Nd2 Ba6 23. f4 f6 24. Kf2 Kf7 25. Ne4 g5 26. Nd6+ Ke7 27. a4 gxf4
28. gxf4 fxe5 29. fxe5 Bf6 30. exf6+ Kxd6 31. Bf4+ e5 32. Bxe5+ Nxe5 33. dxe5+
Kd7 34. Bc6+ 1-0

[Event "4th Al Ain Chess Classic"]
[Site "Al-Ain UAE"]
[Date "2015.12.26"]
[Round "4.18"]
[White "Labib, Ibrahim Hasan"]
[Black "Oleksiyenko, Mykhaylo"]
[Result "1/2-1/2"]
[WhiteTitle "IM"]
[BlackTitle "GM"]
[WhiteElo "2434"]
[BlackElo "2616"]
[WhiteFideId "10600426"]
[BlackFideId "4152417"]
[EventDate "2015.12.23"]

1. Nf3 c5 2. c4 Nf6 3. Nc3 Nc6 4. e3 g6 5. d4 cxd4 6. exd4 d5 7. cxd5 Nxd5 8.
Qb3 Nxc3 9. Bc4 Nd5 10. Bxd5 e6 11. Bxc6+ bxc6 12. O-O f6 13. Be3 Qd5 14. Rfc1
Be7 15. Nd2 Kf7 16. Qc3 Bb7 17. f3 Rhd8 18. Nb3 a5 19. Qe1 g5 20. Nc5 Bc8 21. b3
Rg8 22. Qf2 Qf5 23. Rc4 g4 24. fxg4 Qxf2+ 25. Kxf2 Rxg4 26. Rac1 Rg8 27. Ra4 Rd8
28. Rc3 Rd5 29. g4 Bd6 30. h3 h5 31. Rac4 hxg4 32. hxg4 e5 33. Na4 Rb8 34. dxe5
Bxe5 35. Rc1 Rd8 36. Nc5 Rh8 37. Bf4 Bxf4 38. Rxf4 Rh2+ 39. Kg3 Rxa2 40. Rcf1 f5
41. R1f3 Rb4 42. gxf5 Re2 43. Rxb4 axb4 44. Kf4 Rd2 45. Nd3 Kf6 46. Ke3 Rc2 47.
Nxb4 Rc3+ 48. Ke4 Rxf3 49. Kxf3 Kxf5 50. Nxc6 Bb7 51. Ke3 1/2-1/2

[Event "4th Al Ain Chess Classic"]
[Site "Al-Ain UAE"]
[Date "2015.12.26"]
[Round "4.19"]
[White "Volkov, Sergey"]
[Black "Baghdasaryan, Vahe"]
[Result "1/2-1/2"]
[WhiteTitle "GM"]
[BlackTitle "IM"]
[WhiteElo "2612"]
[BlackElo "2432"]
[WhiteFideId "4122763"]
[BlackFideId "13303139"]
[EventDate "2015.12.23"]

1. d4 d5 2. c4 c6 3. Nc3 Nf6 4. e3 Bf5 5. cxd5 cxd5 6. Qb3 Nc6 7. Qxb7 Bd7 8.
Qb3 Rb8 9. Qd1 e5 10. Nf3 Bd6 11. Be2 e4 12. Nd2 O-O 13. Nb5 Be7 14. a3 Na5 15.
Nc3 Qc7 16. O-O Bd6 17. h3 Qc8 18. f3 exf3 19. Rxf3 Qc6 20. Bd3 Bc7 21. Qe2 Rfe8
22. Qf2 Ne4 23. Bxe4 dxe4 24. Rxf7 Rf8 25. Rxf8+ Rxf8 26. Qh4 Nb3 27. Rb1 Nxd2
28. Bxd2 Qd6 29. g3 Qg6 30. Rf1 Rxf1+ 31. Kxf1 Qf5+ 32. Kg1 Qf3 33. Qxe4 Qxg3+
34. Qg2 Bxh3 35. Qxg3 Bxg3 36. e4 h5 37. e5 Bf5 38. Ne2 Bh4 39. d5 Be4 40. Nc3
Bf3 41. Be3 Bg3 42. e6 g5 43. d6 Bxd6 44. Bxg5 Bg3 45. Be3 a6 46. Bf2 Bf4 47.
Bh4 Be3+ 48. Kf1 Bc1 49. Kf2 Bc6 50. Bf6 1/2-1/2

[Event "4th Al Ain Chess Classic"]
[Site "Al-Ain UAE"]
[Date "2015.12.26"]
[Round "4.20"]
[White "Iordachescu, Viorel"]
[Black "Babujian, Levon"]
[Result "0-1"]
[WhiteTitle "GM"]
[BlackTitle "GM"]
[WhiteElo "2600"]
[BlackElo "2465"]
[WhiteFideId "13900200"]
[BlackFideId "13301993"]
[EventDate "2015.12.23"]

1. e4 e5 2. Nf3 Nc6 3. Bc4 Nf6 4. d3 Bc5 5. c3 d6 6. Bb3 O-O 7. Nbd2 Be6 8. O-O
d5 9. Qe2 Re8 10. Ba4 Bg4 11. h3 Bh5 12. Re1 Bg6 13. Nb3 Bb6 14. Bg5 dxe4 15.
dxe4 Qd6 16. Nbd2 h6 17. Bh4 Nh5 18. Nc4 Nf4 19. Nxd6 Nxe2+ 20. Rxe2 cxd6 21.
Rd1 Bc7 22. Bg3 Bh5 23. Bh2 Bxf3 24. gxf3 g5 25. h4 Kg7 26. Kg2 Rab8 27. b4 a6
28. Bb3 Kf6 29. a4 Red8 30. Red2 Ne7 31. Kh3 Rbc8 32. Rd3 Bb8 33. a5 Rc6 34. Ba4
b5 35. axb6 Rxb6 36. f4 gxf4 37. f3 Rb7 38. Bg1 Nc8 39. Bb3 Rg8 40. Bc4 a5 41.
Ba6 Rc7 42. bxa5 Ke7 43. Bxc8 Rgxc8 44. Rxd6 Rxc3 45. R6d3 Rc2 46. R1d2 Rc1 47.
Bf2 Ra1 48. Rd5 Rc6 49. Bb6 Ke6 50. Rd8 Bd6 51. Rh8 f6 52. Rxh6 Bb4 53. Bd8 Bxd2 0-1

[Event "4th Al Ain Chess Classic"]
[Site "Al-Ain UAE"]
[Date "2015.12.26"]
[Round "4.21"]
[White "Mu, Ke"]
[Black "Azarov, Sergei"]
[Result "1/2-1/2"]
[BlackTitle "GM"]
[WhiteElo "2403"]
[BlackElo "2595"]
[WhiteFideId "8602778"]
[BlackFideId "13501470"]
[EventDate "2015.12.23"]

1. c4 e5 2. Nc3 Nf6 3. Nf3 Nc6 4. g3 Bb4 5. Bg2 O-O 6. O-O e4 7. Ne1 Bxc3 8.
dxc3 h6 9. Nc2 d6 10. b3 Re8 11. Ne3 Ne5 12. h3 Bd7 13. Kh2 a5 14. a4 Qc8 15.
Nd5 Nxd5 16. cxd5 Bf5 17. Qd4 Qd7 18. c4 b6 19. Bb2 f6 20. Rad1 Re7 21. Qe3 Rae8
22. Rd4 h5 23. Qc3 Rf8 24. Bc1 Qe8 25. Kg1 Qg6 26. Qe3 Rfe8 27. Qf4 Nd7 28. Qe3
Kf7 29. Rfd1 Qh7 30. Bb2 Nc5 31. Ra1 Qh6 32. Qc3 e3 33. f3 Qg6 34. Kh2 Bb1 35.
Rf4 Re5 36. Qe1 Bc2 37. b4 axb4 38. Qxb4 Rg5 39. Qe1 Bxa4 40. h4 Rge5 41. Bxe5
dxe5 42. Re4 Nxe4 43. fxe4 Bc2 44. Qh1 f5 45. exf5 Bxf5 46. Qc1 Qg4 47. Qxe3 Qd4
48. Qg5 Qxa1 49. Qxf5+ Ke7 50. Qg5+ Kf8 51. Qf5+ Ke7 52. Qg5+ Kf8 53. Qf5+ 1/2-1/2

[Event "4th Al Ain Chess Classic"]
[Site "Al-Ain UAE"]
[Date "2015.12.26"]
[Round "4.22"]
[White "Andriasian, Zaven"]
[Black "Petrosyan, Tigran S."]
[Result "1/2-1/2"]
[WhiteTitle "GM"]
[BlackTitle "IM"]
[WhiteElo "2594"]
[BlackElo "2469"]
[WhiteFideId "13302000"]
[BlackFideId "13303678"]
[EventDate "2015.12.23"]

1. Nf3 d5 2. c4 e6 3. g3 Nf6 4. Bg2 dxc4 5. Qa4+ Nbd7 6. Qxc4 a6 7. Qc2 c5 8.
Nc3 Rb8 9. d4 cxd4 10. Nxd4 Bc5 11. Nb3 Ba7 12. O-O O-O 13. a4 Qc7 14. Bf4 e5
15. Bd2 h6 16. Rfc1 Rd8 17. Be1 Nf8 18. Nd5 Nxd5 19. Qxc7 Nxc7 20. Rxc7 Bb6 21.
Rcc1 Bg4 22. e3 Ne6 23. h3 Be2 24. Na5 Rd7 25. Nc4 Bc7 26. a5 Ng5 27. Nd2 Bb5
28. h4 Ne6 29. Nb1 Nd8 30. Nc3 Bc6 31. Ne4 Bd6 32. Bc3 Bxe4 33. Bxe4 Kf8 34. Bf5
Ne6 35. Bxe6 fxe6 36. Ra4 Rc8 37. Rd1 Ke8 38. Rg4 Rc6 39. h5 Rcc7 40. Kg2 Rc6
41. Rg6 Re7 42. f4 Bc7 43. Kf3 Rxc3 44. bxc3 Bxa5 45. c4 Bb4 46. g4 exf4 47.
exf4 a5 48. g5 hxg5 49. fxg5 Kf7 50. Kg4 a4 51. Rf1+ Kg8 52. h6 Rc7 53. Rxe6
gxh6 54. Rg6+ Kh7 55. Rxh6+ Kg7 56. c5 a3 57. Rfh1 Rxc5 58. Rh7+ Kg8 59. Rh8+
Kg7 60. R8h7+ Kg8 61. Rxb7 Bd2 62. Rb8+ Kg7 63. Rb7+ Kg8 64. g6 Rg5+ 65. Kf3
Rxg6 66. Rd1 Bh6 67. Rd8+ Bf8 68. Ra7 Rf6+ 69. Kg4 Rg6+ 70. Kf5 Rg1 71. Rxa3
Rf1+ 72. Kg4 Rg1+ 73. Kf3 Rf1+ 74. Kg2 Rf5 75. Ra4 Kf7 76. Rd7+ Ke6 77. Rh7 Bd6
78. Ra6 Rg5+ 79. Kf3 Rf5+ 80. Kg2 Rg5+ 81. Kh3 Rg6 82. Rb7 Rg3+ 83. Kh4 Rd3 84.
Rh7 Rd1 85. Rh6+ Kd7 86. Kg4 Rd4+ 87. Kf3 Rd3+ 88. Ke4 Rd1 89. Ke3 Rd5 90. Rh1
Bc7 91. Ke4 Rc5 92. Kd4 Rc2 93. Kd3 Rc5 94. Ra7 Rc6 95. Rh7+ Kc8 96. Ke4 Rc1 97.
Ra2 Rc6 98. Kd5 Rc1 99. Rh8+ Kb7 100. Rb2+ Ka7 101. Rh4 Rd1+ 102. Kc6 Rc1+ 103.
Kb5 Kb7 104. Ka4+ Kc8 105. Rh8+ Kd7 106. Rh7+ Kc8 107. Kb5 Kb7 108. Rb3 Rc2 109.
Rb1 Rc3 110. Rh8 Rc2 111. Ka4+ Kc6 112. Kb3 Rc5 113. Rh6+ 1/2-1/2